| 000 | 01000nas a2200337 4500 | ||
|---|---|---|---|
| 001 | BR0401610 | ||
| 003 | BR-BrBNA | ||
| 005 | 20231205104501.0 | ||
| 007 | ta | ||
| 008 | 230509b bl.|||p| |||| 00| 00por d | ||
| 040 |
_aBR-BrBNA _bpor _cBiblioteca Nacional de Agricultura |
||
| 041 | _a(En) | ||
| 072 | _aL73; L70 | ||
| 100 | 1 | _aLoretti, A.P. | |
| 100 | 1 | _aOliveira, L.O. de | |
| 100 | 1 | _aCruz, C.E.F. | |
| 100 | 1 | _aDriemeier, D. | |
| 245 | 1 | _aClinical and pathological study of an outbreak of obstructive urolithiasis in feedlot cattle in southern Brazil | |
| 650 | _aBOVINO | ||
| 650 | _aCONFINAMENTO | ||
| 650 | _aFOSFATO | ||
| 650 | _aAMÔNIA | ||
| 650 | _aAUTÓPSIA | ||
| 650 | _aCÁLCULO URINÁRIO | ||
| 650 | _aNUTRIÇÃO ANIMAL | ||
| 650 | _aANATOMIA ANIMAL | ||
| 650 | _aSUL | ||
| 773 | 0 |
_tPesquisa Veterinária Brasileira (Brazil) _xISSN 0100-736X _g(Apr-Jun 2003), v. 23(2) p. 61-64 _wBR0401610 |
|
| 909 |
_a202311 _bLúcia _c55 _dLúcia Elande |
||
| 942 |
_2AGRIS _n0 _cANA |
||
| 999 |
_c178358 _d178358 |
||